000 00506nam a2200181Ia 4500
003 GCL
008 140319s9999 xx 000 0 ara d
040 _aGCL /
_cGCL
082 0 4 _a618.1
_bم ح
100 1 _aمحمد فياض
245 1 0 _aحياة افضل للمراة بعد الخمسين /
_cمحمد فياض
300 _a126 ص
490 _a
650 0 4 _aالامراض التناسلية
650 0 4 _aامراض الشيخوخة
650 0 4 _aالصحة الجنسية
942 _2ddc
_cBK
999 _c40794
_d40794